[Event "Tourn. n10193"]
[Site "www.echecsemail.com"]
[Date "2019.08.30"]
[Round "1"]
[White "Bojan"]
[Black "Apdash"]
[WhiteElo "2020"]
[BlackElo "2160"]
[Result "1-0"]
[Round "1"]
1.e4 e5
2.Ng1f3 Nb8c6
3.d4 exd4
4.Nf3xd4 Bf8c5
5.c3 d6
6.Nd4xc6 bxc6
7.Qd1f3 Ng8e7
8.Bf1c4 O-O
9.Nb1d2 d5
10.Bc4d3 Bc8e6
11.Nd2b3 Bc5b6
12.Qf3g3 c5
13.Nb3d2 dxe4
14.Bd3xe4 Be6d5
15.O-O c6
16.c4 Bb6c7
17.Qg3e3 Qd8d6
18.g3 Bd5e6
19.Nd2b3 Be6xc4
20.Rf1e1 Bc4xb3
21.axb3 Ne7d5
22.Qe3f3 Bc7b6
23.Re1d1 Ra8d8
24.Bc1g5 f6
25.Bg5f4 Qd6e6
26.Rd1e1 Qe6h3
27.Bf4d2 f5
28.Be4d3 f4
29.Bd3c4 fxg3
30.Qf3xg3 Qh3f5
31.Bd2c3 Kh8
32.Qg3xg7 { resign }
1-0

[Event "Tourn. n10139"]
[Site "www.echecsemail.com"]
[Date "2019.08.30"]
[Round "1"]
[White "Vasylpuzanov"]
[Black "Rcdamaceanu"]
[WhiteElo "1340"]
[BlackElo "1499"]
[Result "0-1"]
[Round "1"]
1.e4 c5
2.d4 cxd4
3.c3 dxc3
4.Nb1xc3 Nb8c6
5.Bf1c4 d6
6.Ng1f3 e6
7.O-O Ng8f6
8.Bc1g5 a6
9.Qd1e2 h6
10.Bg5h4 g5
11.Bh4g3 g4
12.Nf3d2 b5
13.Bc4b3 { time. }
0-1

[Event "1/64 Finale"]
[Site "www.chess-mail.com"]
[Date "2019.08.30"]
[Round "1"]
[White "Gvladutz"]
[Black "Add"]
[WhiteElo "2490"]
[BlackElo "2010"]
[Result "1-0"]
[Round "1"]
1.Ng1f3 d5
2.d4 Nb8c6
3.Bc1f4 Ng8f6
4.e3 Bc8g4
5.Bf1b5 e6
6.h3 Bg4h5
7.g4 Bh5g6
8.Nf3e5 Nf6d7
9.Ne5xg6 fxg6
10.c4 Nd7b6
11.c5 Nb6d7
12.Bb5xc6 bxc6
13.Qd1a4 Bf8e7
14.Qa4xc6 O-O
15.Qc6xe6 Kh8
16.Nb1c3 Nd7f6
17.O-O a6
18.Bf4e5 Rf8e8
19.Qe6c6 Qd8b8
20.g5 Qb8xb2
21.gxf6 gxf6
22.Be5xf6 Be7xf6
23.Qc6xf6 Kg8
24.Nc3xd5 { resign }
1-0

[Event "Match"]
[Site "www.echecsemail.com"]
[Date "2019.08.31"]
[Round "1"]
[White "Geodad5"]
[Black "Tbsundar"]
[WhiteElo "2130"]
[BlackElo "2150"]
[Result "1/2-1/2"]
[Round "1"]
1.e4 e5
2.Ng1f3 Nb8c6
3.d4 exd4
4.Nf3xd4 Bf8c5
5.Nd4b3 Bc5b6
6.Bf1d3 Ng8f6
{ draw }
1/2-1/2

[Event "Tourn. n10194"]
[Site "www.echecsemail.com"]
[Date "2019.08.31"]
[Round "1"]
[White "Galiany17"]
[Black "Rons"]
[WhiteElo "2390"]
[BlackElo "2640"]
[Result "1/2-1/2"]
[Round "1"]
1.e4 c5
2.Nb1c3 d6
3.f4 g6
4.Ng1f3 Bf8g7
5.d4 Ng8f6
6.Bf1b5 Bc8d7
7.e5 Nf6g4
8.Bb5xd7 Qd8xd7
9.h3 cxd4
10.Qd1xd4 Nb8c6
11.Qd4e4 f5
12.Qe4c4 Ng4h6
13.O-O e6
14.exd6 Ra8c8
15.Bc1e3 Nh6f7
16.Ra1d1 b6
17.Qc4e2 O-O
18.Nc3b5 e5
19.Nb5c7 Nc6d4
20.Nf3xd4 exd4
21.Be3f2 Nf7xd6
22.Qe2e6 Rf8f7
23.Qe6xd7 Rf7xd7
24.Nc7e6 Rc8xc2
25.Ne6xg7 Kxg7
26.Bf2xd4 Kf7
27.Bd4e5 Ke6
28.Rf1f2 Rc2xf2
29.Kxf2 Nd6e4
30.Ke1 Ne4c5
31.Be5d4 { draw }
1/2-1/2

[Event "Tourn. n10177"]
[Site "www.echecsemail.com"]
[Date "2019.08.31"]
[Round "1"]
[White "Bojan"]
[Black "Kevinking"]
[WhiteElo "1950"]
[BlackElo "1980"]
[Result "0-1"]
[Round "1"]
1.e4 Ng8f6
2.e5 Nf6d5
3.c4 Nd5b6
4.d4 d6
5.exd6 cxd6
6.Bc1e3 Bc8f5
7.Ng1f3 Nb8c6
8.Nb1d2 g6
9.d5 Nc6b4
10.Qd1a4 Nb4c6
11.Qa4b5 Bf8g7
12.dxc6 bxc6
13.Qb5b3 Ra8b8
14.Qb3d1 Bg7xb2
15.Ra1b1 Bf5xb1
16.Qd1xb1 Bb2g7
17.Qb1c2 c5
18.Bf1d3 Nb6d7
19.O-O O-O
20.Nd2b3 Qd8c7
21.h4 Nd7f6
22.Nf3h2 e5
23.Qc2e2 a5
24.Nh2g4 Nf6xg4
25.Be3g5 f5
26.Qe2d2 a4
27.Nb3c1 e4
28.Bd3e2 Ng4e5
29.Be2d1 a3
30.Bd1b3 Rf8e8
31.Nc1e2 Ne5d3
32.Ne2f4 Nd3xf4
33.Bg5xf4 Bg7e5
34.Bf4g5 Qc7f7
35.Rf1d1 f4
36.g3 fxg3
37.Rd1f1 Qf7f3
38.Bb3d1 gxf2
39.Rf1xf2 Qf3g3
40.Rf2g2 Be5d4
41.Kh1 Qg3h3
42.Rg2h2 Qh3f1
{ resign }
0-1

[Event "Match"]
[Site "www.echecsemail.com"]
[Date "2019.08.31"]
[Round "1"]
[White "Jesmantiz"]
[Black "Mdesouza"]
[WhiteElo "2160"]
[BlackElo "2160"]
[Result "1-0"]
[Round "1"]
1.d4 d6
2.e3 e5
3.Bf1d3 Ng8f6
4.Nb1d2 Bf8e7
5.c3 O-O
6.Ng1e2 c6
7.O-O Bc8g4
8.f3 Bg4h5
9.Ne2g3 Bh5g6
10.e4 Qd8c7
11.Qd1e2 Nb8d7
12.Nd2b3 Ra8c8
13.f4 exf4
14.Rf1xf4 d5
15.e5 Bg6xd3
16.Qe2xd3  { time }
1-0

[Event "Match"]
[Site "www.echecsemail.com"]
[Date "2019.08.31"]
[Round "1"]
[White "Virgil08bv"]
[Black "Mdesouza"]
[WhiteElo "2660"]
[BlackElo "2160"]
[Result "1-0"]
[Round "1"]
1.e4 d6
2.d4 e5
3.Ng1f3 Ng8f6
4.Nb1c3 Nb8d7
5.Bf1c4 Bf8e7
6.O-O O-O
7.a4 c6
8.Rf1e1 Qd8c7
9.h3 Rf8e8
10.Bc1e3 h6
11.Bc4a2 Nd7f8
12.d5 Bc8d7
13.a5 Nf8g6
14.Qd1d3 Be7f8
15.Re1d1 a6
16.Ba2b3 Ra8c8
17.dxc6 Bd7xc6
18.g3 Kh7
19.Nf3d2 Rc8d8
20.Be3b6  { time }
1-0

[Event "Match"]
[Site "www.echecsemail.com"]
[Date "2019.08.31"]
[Round "1"]
[White "Mdesouza"]
[Black "Geodad5"]
[WhiteElo "2160"]
[BlackElo "2130"]
[Result "0-1"]
[Round "1"]
1.e4 c5
2.c3 d6
3.d4 Ng8f6
4.Bf1d3 cxd4
5.cxd4 Nb8c6
6.Ng1f3 Bc8g4
7.Bc1e3 g6
8.Nb1c3 Bf8g7
9.O-O O-O
10.h3 Bg4xf3
11.Qd1xf3 Ra8c8
12.Ra1d1 a6
13.a3 b5
14.Rf1e1 Qd8c7
15.Rd1c1 Qc7d7
16.Nc3xb5 axb5
17.Bd3xb5 Qd7b7
18.a4 Nc6a7
19.e5 Qb7xf3
20.gxf3 Na7xb5
21.exf6 Bg7xf6
22.axb5 Rc8b8
 { time }
0-1

[Event "Tourn. n10202"]
[Site "www.echecsemail.com"]
[Date "2019.08.31"]
[Round "1"]
[White "D4minance"]
[Black "Ssharp"]
[WhiteElo "2850"]
[BlackElo "2340"]
[Result "1-0"]
[Round "1"]
1.d4 e6
2.c4 d5
3.Nb1c3 Ng8f6
4.cxd5 exd5
5.Bc1g5 Bf8e7
6.e3 O-O
7.Bf1d3 h6
8.Bg5h4 c6
9.Qd1c2 Bc8e6
10.Ng1e2 Rf8e8
11.O-O Nb8d7
12.f3 Nd7f8
13.Ra1d1 Ra8c8
14.a3 a6
15.h3 Be7d6
16.e4 Bd6e7
17.e5 Nf6d7
18.Bh4xe7 Qd8xe7
19.f4 Nd7b6
20.f5 Be6d7
21.f6 gxf6
22.Rf1xf6 Kg7
23.Ne2g3 { resign }
1-0

[Event "Tourn. n10033"]
[Site "www.echecsemail.com"]
[Date "2019.08.31"]
[Round "1"]
[White "Jose"]
[Black "Jaroslavpech"]
[WhiteElo "2820"]
[BlackElo "2590"]
[Result "1/2-1/2"]
[Round "1"]
1.e4 c5
2.Ng1f3 Nb8c6
3.Nb1c3 e5
4.Bf1c4 Bf8e7
5.d3 d6
6.O-O Ng8f6
7.Nf3g5 O-O
8.f4 Bc8g4
9.Qd1e1 exf4
10.Bc1xf4 Nc6d4
11.Qe1d2 Qd8d7
12.Ra1e1 Ra8e8
13.h3 Bg4e6
14.Bf4e3 Be6xc4
15.dxc4 Be7d8
16.Qd2d3 h6
17.Ng5f3 Nd4xf3
18.Rf1xf3 Qd7c6
19.Be3d2 Nf6d7
20.Rf3f5 Nd7e5
21.Qd3e2 Bd8a5
22.Nc3d5 Qc6a4
23.a3 Ba5xd2
24.Qe2xd2 f6
25.b3 Qa4d7
26.Re1e3 Kh7
27.Rf5f1 Ne5c6
28.c3 Re8e5
29.Nd5f4 Re5g5
30.Qd2c2 Nc6e5
31.a4 Rf8e8
32.Rf1d1 Kh8
33.Qc2d2 Re8d8
34.Kf2 Kh7
35.Qd2c2 Kg8
36.Rd1d5 Rd8e8
37.Kg1 b6
38.Qc2d1 Ne5f7
39.h4 Rg5e5
40.Rd5xe5 Nf7xe5
41.Re3g3 Kh8
42.Qd1h5 Qd7f7
43.Qh5f5 Re8f8
44.h5 Rf8e8
45.Kf1 Kg8
46.Nf4d5 Kh8
47.Nd5f4 { draw }
1/2-1/2

[Event "Match"]
[Site "www.echecsemail.com"]
[Date "2019.08.31"]
[Round "1"]
[White "Aiko1603"]
[Black "Mdesouza"]
[WhiteElo "2090"]
[BlackElo "2160"]
[Result "1-0"]
[Round "1"]
1.c4 d6
2.Ng1f3 Ng8f6
3.g3 e5
4.d3 Bf8e7
5.Nb1c3 O-O
6.Bf1g2 c6
7.O-O h6
8.Bc1e3 Bc8e6
9.b3 Qd8c7
10.Qd1c1 Nb8d7
11.Nf3d2 Ra8c8
12.Nd2e4 d5
13.Ne4xf6 Nd7xf6
14.cxd5 cxd5
15.Be3d2 Rf8d8
16.Qc1b2 Be7b4
17.Nc3b5 Qc7a5
18.Bd2xb4 Qa5xb4
19.Nb5a3 Qb4c3
20.Qb2xc3  { time }
1-0

[Event "Tourn. n10184"]
[Site "www.echecsemail.com"]
[Date "2019.08.31"]
[Round "1"]
[White "Bigrezi"]
[Black "Apdash"]
[WhiteElo "2130"]
[BlackElo "2170"]
[Result "1-0"]
[Round "1"]
1.e4 c5
2.Ng1f3 d6
3.d4 cxd4
4.Nf3xd4 Nb8c6
5.Bf1b5 Bc8d7
6.O-O a6
7.Nd4xc6 Bd7xc6
8.Bb5xc6 bxc6
9.Nb1c3 Ng8f6
10.Qd1d4 e5
11.Qd4c4 Qd8c7
12.Bc1g5 Bf8e7
13.Qc4a4 O-O
14.Kh1 h6
15.Bg5h4 g5
16.Bh4g3 Nf6h5
17.Nc3e2 f5
18.Qa4c4 Kg7
19.Ne2c3 f4
20.Nc3d5 Qc7b7
21.Nd5xe7 Qb7xe7
22.Qc4xc6 Rf8c8
23.Qc6d5 fxg3
24.fxg3 Nh5f6
25.Qd5d3 Qe7b7
26.Qd3xd6 Nf6g4
27.Qd6e6 Qb7xe4
28.Rf1f7 Kh8
29.h3 Rc8e8
30.Qe6xg4 Qe4xg4
31.hxg4 Re8f8
32.Ra1f1 Rf8xf7
33.Rf1xf7 Ra8e8
34.Rf7f6 e4
35.Kg1 e3
36.Kf1 Kg7
37.Rf6xa6 Re8e4
38.Ke2 Re4xg4
39.Kxe3 Rg4xg3
40.Kf2 Rg3g4
41.a4 Rg4d4
42.Kg3 Rd4c4
43.c3 Rc4e4
44.a5 Re4e2
45.Ra6b6 h5
46.a6 Re2e8
47.Rb6b7 Kf6
48.a7 Re8a8
49.c4 Ke5
50.b4 Kd6
51.c5 Kc6
52.Rb7b6 Kc7
53.Rb6a6 Kb7
54.b5 Ra8xa7
55.Ra6xa7 Kxa7
56.Kh3 Kb7
57.g3 Kc7
58.Kg2 Kb7
59.Kf3 { resign }
1-0

[Event "Tourn. n10202"]
[Site "www.echecsemail.com"]
[Date "2019.09.01"]
[Round "1"]
[White "Ssharp"]
[Black "Galiany17"]
[WhiteElo "2340"]
[BlackElo "2410"]
[Result "0-1"]
[Round "1"]
1.e4 c5
2.Ng1f3 d6
3.Nb1c3 Nb8c6
4.Bf1e2 Bc8g4
5.h3 Bg4xf3
6.Be2xf3 Ng8f6
7.d3 e6
8.Bc1e3 Bf8e7
9.O-O O-O
10.Qd1d2 Nf6d7
11.Bf3d1 a6
12.Nc3e2 Nd7b6
13.c3 d5
14.exd5 Nb6xd5
15.Ne2f4 Nd5xe3
16.fxe3 e5
17.Nf4e2 g6
18.e4 c4
19.Rf1f3 Be7g5
20.Qd2c2 Qd8b6
21.Kh1 cxd3
22.Qc2xd3 Ra8d8
23.Qd3c2 Rd8d2
24.Qc2b3 Qb6xb3
25.axb3 Rf8d8
26.Rf3f1 Rd2xb2
27.Ne2g1 Rd8d2
28.Bd1f3 Rb2xb3
{ resign }
0-1

[Event "Tourn. n10204"]
[Site "www.echecsemail.com"]
[Date "2019.09.01"]
[Round "1"]
[White "Tonino1"]
[Black "Fantomas"]
[WhiteElo "2290"]
[BlackElo "2160"]
[Result "1-0"]
[Round "1"]
1.d4 d5
2.Ng1f3 Ng8f6
3.e3 e6
4.Bf1d3 c5
5.c3 c4
6.Bd3c2 Bf8d6
7.Nb1d2 O-O
8.e4 Bd6c7
9.e5 Nf6d7
10.O-O f5
11.exf6 Nd7xf6
12.Nf3e5 Nb8c6
13.f4 Qd8e8
14.Nd2f3 Nc6e7
15.g4 Kh8
16.g5 Nf6h5
17.Nf3h4 Bc7xe5
18.fxe5 Rf8xf1
19.Qd1xf1 g6
20.Bc2d1 Nh5g7
21.Bc1f4 Ne7f5
22.Nh4xf5 Ng7xf5
23.Bd1g4 Bc8d7
24.Qf1f2 Qe8f7
25.Kg2 Ra8f8
26.Ra1f1 Qf7g7
27.h4 Bd7e8
28.Kh3 Kg8
29.Qf2e2 h5
30.gxh6 Qg7h7
31.h5 gxh5
32.Bg4xh5 Nf5xh6
33.Rf1g1 Kh8
34.Bh5xe8 Nh6g8
35.Be8h5 Rf8xf4
36.Kg3 Qh7h6
37.Rg1h1 Qh6g5
38.Bh5g4 { resign }
1-0

[Event "Match"]
[Site "www.echecsemail.com"]
[Date "2019.09.01"]
[Round "1"]
[White "Calponas"]
[Black "Apdash"]
[WhiteElo "2060"]
[BlackElo "2160"]
[Result "0-1"]
[Round "1"]
1.d4 d5
2.Ng1f3 e6
3.c4 dxc4
4.e4 c5
5.Bf1xc4 cxd4
6.Qd1xd4 Qd8xd4
7.Nf3xd4 Bc8d7
8.O-O Bf8c5
9.Nd4b3 Bc5b6
10.a4 Ng8e7
11.a5 Bb6c7
12.f4 O-O
13.Bc1e3 Bd7c6
14.Nb1c3 Nb8d7
15.Rf1d1 Nd7f6
16.Bc4d3 Nf6g4
17.Be3d2 b6
18.h3 Ng4f6
19.Bd2e3 Ne7g6
20.g3 Rf8d8
21.axb6 Bc7xb6
22.Kf2 Nf6h5
23.Nb3a5 Bb6xa5
24.Ra1xa5 Nh5f6
25.Ra5xa7 Ra8xa7
26.Be3xa7 Nf6xe4
27.Nc3xe4 Bc6xe4
28.Bd3e2 Rd8a8
29.Rd1d7 Ng6f8
30.Rd7c7 Ra8d8
31.Ke3 Be4g2
32.h4 f6
33.b4 Rd8d7
34.Rc7xd7 Nf8xd7
35.Be2b5 Nd7f8
36.Bb5e8 Bg2b7
37.b5 Nf8g6
38.Kd4 Kf8
39.Be8c6 Bb7xc6
40.bxc6 Ke8
41.Kc5 e5
42.Kd6 e4
43.c7 Ng6e7
44.g4 Ne7c8
{ resign }
0-1

[Event "Match"]
[Site "www.echecsemail.com"]
[Date "2019.09.01"]
[Round "1"]
[White "Mdesouza"]
[Black "Goofy"]
[WhiteElo "2160"]
[BlackElo "2290"]
[Result "0-1"]
[Round "1"]
1.e4 d6
2.d4 Ng8f6
3.Nb1c3 Nb8d7
4.Ng1f3 e5
5.Bc1g5 Bf8e7
6.Bf1c4 c6
7.a3 Qd8c7
8.Qd1d2 h6
9.Bg5h4 Nd7f8
10.Bh4g3 Nf8g6
11.O-O Nf6h5
12.dxe5 dxe5
13.Ra1d1 O-O
14.Rf1e1 Nh5xg3
15.hxg3 b5
16.Bc4b3 Bc8g4
17.Re1e3 Rf8d8
18.Re3d3 Ng6f8
 { time }
0-1

[Event "Match"]
[Site "www.echecsemail.com"]
[Date "2019.09.01"]
[Round "1"]
[White "Eeze"]
[Black "Sorim"]
[WhiteElo "1910"]
[BlackElo "2160"]
[Result "0-1"]
[Round "1"]
1.e4 e5
2.Ng1f3 Nb8c6
3.c3 d5
4.exd5 Qd8xd5
5.c4 Qd5d8
6.a3 Ng8f6
7.Qd1a4 Bc8d7
8.Qa4b3 e4
9.Qb3e3 Qd8e7
10.Nf3g5 h6
11.Ng5h3 O-O-O
12.Nh3f4 g5
13.Nf4d5 Nf6xd5
14.cxd5 Nc6b8
15.Nb1c3 f5
16.Bf1c4 a6
17.O-O Bf8g7
18.d3 Rd8e8
19.dxe4 Bg7xc3
20.bxc3 Qe7xe4
21.Qe3xe4 Re8xe4
22.Bc4b3 c6
23.d6 Rh8e8
24.Bc1e3 Bd7e6
25.Bb3c2 Re4c4
26.Be3d2 Kd7
27.Bc2b3 Rc4e4
28.Bb3c2 Re4e5
29.Rf1e1 Kxd6
30.f4 Re5xe1
31.Ra1xe1 g4
32.Bc2xf5 Re8e7
33.Bf5xe6 Re7xe6
34.Re1xe6 Kxe6
35.Kf2 Kf5
36.Kg3 Nb8d7
37.Kh4 Nd7f6
38.h3 h5
39.c4 b5
40.cxb5 axb5
41.Bd2c1 c5
42.Kg3 Nf6d5
 { time }
0-1

[Event "Tourn. n10168"]
[Site "www.echecsemail.com"]
[Date "2019.09.01"]
[Round "1"]
[White "Argento"]
[Black "Ff333"]
[WhiteElo "2149"]
[BlackElo "2030"]
[Result "1-0"]
[Round "1"]
1.Ng1f3 Nb8c6
2.d4 d5
3.Bc1f4 Ng8f6
4.e3 g6
5.h3 Bf8g7
6.c4 O-O
7.Nb1c3 e6
8.Ra1c1 Nf6h5
9.Bf4h2 a6
10.a3 Bg7h6
11.cxd5 exd5
12.Qd1b3 Nh5f6
13.Bf1d3 Rf8e8
14.O-O Nf6e4
15.Qb3xd5 Ne4xc3
16.Qd5xd8 Nc3e2
17.Bd3xe2 Re8xd8
18.Bh2xc7 Rd8e8
19.Nf3e5 Nc6xe5
20.Bc7xe5 Bc8e6
21.Be2f3 Re8e7
22.Rc1c3 Ra8c8
23.Rc3xc8 Be6xc8
24.Rf1c1 Re7e8
25.Rc1c7 b5
26.Bf3c6 Re8d8
27.Be5f6 Rd8f8
28.Bf6e7 { resign }
1-0

[Event "Match"]
[Site "www.echecsemail.com"]
[Date "2019.09.01"]
[Round "1"]
[White "Mdesouza"]
[Black "Tonino1"]
[WhiteElo "2160"]
[BlackElo "2130"]
[Result "0-1"]
[Round "1"]
1.e4 d6
2.d4 Ng8f6
3.Nb1c3 c6
4.Ng1f3 Qd8a5
5.Bf1d3 g6
6.O-O Bf8g7
7.h3 O-O
8.Bc1e3 e5
9.dxe5 dxe5
10.Qd1d2 Rf8d8
11.Be3h6 Bg7h8
12.Nc3d5 Rd8xd5
13.exd5 Qa5xd5
14.Ra1d1 e4
15.Qd2b4 c5
16.Bd3xe4 cxb4
17.Be4xd5 Nf6xd5
18.Rf1e1 Bc8e6
 { time }
0-1

[Event "Tourn. n10200"]
[Site "www.echecsemail.com"]
[Date "2019.09.02"]
[Round "1"]
[White "Luban"]
[Black "Francesco"]
[WhiteElo "2170"]
[BlackElo "2110"]
[Result "0-1"]
[Round "1"]
1.d4 d5
2.Ng1f3 c6
3.e3 Bc8g4
4.c4 e6
5.a3 Nb8d7
6.Nb1c3 Ng8f6
7.h3 Bg4h5
8.cxd5 exd5
9.Bf1d3 Bf8d6
10.e4 dxe4
11.Nc3xe4 Qd8c7
12.Bc1e3 O-O
13.O-O Rf8e8
14.Ne4xd6 Qc7xd6
15.Rf1e1 Ra8d8
16.Bd3e2 Nf6d5
17.Qd1d2 Nd5xe3
18.fxe3 Qd6e7
19.Be2d1 Nd7c5
20.Qd2b4 Nc5d3
21.Qb4xe7 Re8xe7
22.Re1e2 Rd8e8
{ resign }
0-1

[Event "Tourn. n10183"]
[Site "www.echecsemail.com"]
[Date "2019.09.02"]
[Round "1"]
[White "Jose"]
[Black "Seger"]
[WhiteElo "2810"]
[BlackElo "2820"]
[Result "1/2-1/2"]
[Round "1"]
1.e4 c5
2.Ng1f3 e6
3.d4 cxd4
4.Nf3xd4 a6
5.Nb1c3 Nb8c6
6.Bc1e3 Ng8f6
7.Qd1d2 Qd8c7
8.O-O-O Bf8e7
9.f3 b5
10.g4 O-O
11.g5 Nf6h5
12.Nc3e2 Rf8d8
13.Ne2g3 Nc6xd4
14.Qd2xd4 Nh5f4
15.h4 Bc8b7
16.Qd4b6 Qc7b8
17.Kb1 d5
18.Be3xf4 Qb8xf4
19.Qb6xb7 Be7c5
20.exd5 Qf4xg3
21.f4 Qg3xf4
22.Bf1g2 Rd8b8
23.Rh1f1 { draw }
1/2-1/2

[Event "Match"]
[Site "www.echecsemail.com"]
[Date "2019.09.02"]
[Round "1"]
[White "Comrade"]
[Black "Tonino1"]
[WhiteElo "2320"]
[BlackElo "2130"]
[Result "1-0"]
[Round "1"]
1.e4 d6
2.Ng1f3 Ng8f6
3.Nb1c3 c6
4.Bf1c4 g6
5.d4 Qd8a5
6.Bc1d2 Qa5c7
7.Bd2f4 Nf6h5
8.Bf4g5 Bf8g7
9.Qd1d2 h6
10.Bg5e3 e5
11.dxe5 dxe5
12.Be3c5 Nb8d7
13.Bc5d6 Qc7a5
14.a3 b5
15.b4 Qa5b6
16.Bc4a2 Nh5f4
17.O-O g5
18.Rf1d1 Nf4g6
19.a4 a6
20.axb5 Bc8b7
21.bxc6 Bb7xc6
22.Nc3d5 Bc6xd5
23.Qd2xd5  { time }
1-0

[Event "Match"]
[Site "www.echecsemail.com"]
[Date "2019.09.02"]
[Round "1"]
[White "Guidom"]
[Black "Mitja"]
[WhiteElo "2070"]
[BlackElo "1850"]
[Result "1/2-1/2"]
[Round "1"]
1.e4 d5
2.exd5 Qd8xd5
3.Nb1c3 Qd5d8
4.Bf1c4 e6
5.Ng1f3 h6
6.O-O c6
7.d3 Ng8f6
8.Rf1e1 Bf8d6
9.h3 O-O
10.Bc1e3 b6
11.a3 Bc8b7
12.Qd1e2 Bd6c7
13.Ra1d1 Nb8d7
14.Nc3e4 Qd8e7
15.c3 Nf6xe4
16.dxe4 b5
17.Bc4b3 Nd7e5
18.Nf3xe5 Bc7xe5
19.f4 Be5c7
20.e5 a6
21.Qe2f2 Rf8d8
22.Be3c5 Qe7e8
23.Qf2e3 Rd8xd1
24.Re1xd1 Ra8d8
25.Rd1xd8 Qe8xd8
26.Bb3c2 f5
27.exf6 Qd8xf6
28.g3 e5
29.Qe3e4 exf4
30.Qe4h7 Kf7
31.Bc2b3 Ke8
32.Qh7g8 Kd7
33.Bc5d4 Bc7e5
34.Bd4xe5 Qf6xe5
35.Qg8f7 Kc8
36.Qf7xf4 Qe5e1
37.Qf4f1 Qe1xg3
38.Qf1g2 Qg3e3
39.Kh2 Qe3e5
40.Qg2g3 Qe5e2
41.Qg3g2 Qe2xg2
42.Kxg2 Kd7
43.Kg3 Ke7
44.Kf4 Kf6
45.Bb3c2 g5
46.Kg3 h5
47.h4 g4
48.Bc2d3 c5
49.Bd3c2 c4
50.a4 Bb7c6
51.axb5 axb5
52.b3 cxb3
53.Bc2xb3 Bc6e8
54.Kf4 Be8f7
55.Bb3c2 Bf7g6
56.Bc2b3 Bg6f7
57.Bb3c2 Bf7g6
58.Bc2b3 Bg6f7
{ draw }
1/2-1/2

[Event "Match"]
[Site "www.echecsemail.com"]
[Date "2019.09.02"]
[Round "1"]
[White "Apdash"]
[Black "Joseph1983"]
[WhiteElo "2150"]
[BlackElo "2260"]
[Result "0-1"]
[Round "1"]
1.e4 e6
2.d4 d5
3.e5 c5
4.c3 Nb8c6
5.Ng1f3 Qd8b6
6.a3 f6
7.exf6 Ng8xf6
8.dxc5 Bf8xc5
9.Qd1c2 Nf6e4
10.Bc1e3 Bc5xe3
11.fxe3 Qb6xe3
12.Qc2e2 Qe3c1
13.Qe2d1 Qc1xb2
14.Nb1d2 Qb2xc3
15.Bf1b5 Ne4xd2
16.Nf3xd2 O-O
17.Bb5xc6 Qc3e5
{ resign }
0-1

[Event "Tourn. n10135"]
[Site "www.echecsemail.com"]
[Date "2019.09.02"]
[Round "1"]
[White "Cal"]
[Black "Passaroa25"]
[WhiteElo "1640"]
[BlackElo "1740"]
[Result "1-0"]
[Round "1"]
1.c4 Ng8f6
2.Nb1c3 g6
3.e4 e5
4.d3 Bf8g7
5.Ng1f3 d6
6.a3 Nb8c6
7.h3 b6
8.Bf1e2 Bc8d7
9.b4 O-O
10.O-O Nc6d4
11.Nf3xd4 exd4
12.Nc3a2 Nf6e8
13.Bc1f4 Bg7e5
14.Qd1d2 Ne8g7
15.Bf4g5 f6
16.Bg5h4 g5
17.Bh4g3 Bd7e8
18.Bg3xe5 fxe5
19.f3 h5
20.g3 Be8f7
21.g4 h4
22.b5 Ng7e6
23.Na2b4 Ne6f4
24.Kh2 Qd8f6
25.a4 Ra8c8
26.Nb4c6 Rc8a8
27.a5 Nf4e6
28.axb6 cxb6
29.Nc6b4 Ne6f4
30.Nb4c6 a5
31.Be2d1 Bf7g6
32.Bd1b3 Nf4e6
33.c5 dxc5
34.Kg2 Kg7
35.Bb3xe6 Qf6xe6
36.Qd2xg5 Rf8h8
37.Nc6xe5 Rh8h6
38.f4 Ra8f8
39.Ne5xg6 Rh6xg6
40.Qg5xh4 Rf8h8
41.Qh4g3 Qe6b3
42.f5 Rg6h6
43.e5 Rh6xh3
44.f6 Kf7
45.e6 Kg6
46.Qg3xh3 Rh8xh3
47.Kxh3 Qb3xd3
48.Kh4 Qd3xb5
49.f7 Qb5c6
50.f8Q Qc6xe6
51.Ra1e1 Qe6c6
52.Qf8g8 Kh6
53.g5 
1-0

[Event "Match"]
[Site "www.echecsemail.com"]
[Date "2019.09.02"]
[Round "1"]
[White "Numanoid"]
[Black "Grischuk2789"]
[WhiteElo "2760"]
[BlackElo "2550"]
[Result "1-0"]
[Round "1"]
1.d4 d5
2.c4 e6
3.Nb1c3 Ng8f6
4.cxd5 exd5
5.Bc1g5 Bf8e7
6.e3 c6
7.Bf1d3 Nb8d7
8.Qd1c2 a5
9.Ng1f3 O-O
10.O-O Rf8e8
11.Ra1e1 Nd7f8
12.Nf3e5  { time }
1-0

[Event "Tourn. n10140"]
[Site "www.echecsemail.com"]
[Date "2019.09.02"]
[Round "1"]
[White "Jjmcbride"]
[Black "Passaroa25"]
[WhiteElo "1710"]
[BlackElo "1750"]
[Result "1-0"]
[Round "1"]
1.e4 Nb8c6
2.d4 b6
3.e5 e6
4.a3 Ng8e7
5.Nb1c3 Ne7g6
6.g3 Bf8e7
7.Ng1f3 O-O
8.h4 h5
9.Nf3g5 Be7xg5
10.hxg5 f5
11.Rh1xh5 Kf7
12.Rh5h7 Rf8h8
13.Rh7h5 Rh8xh5
14.Qd1xh5 Nc6e7
15.Bf1d3 Qd8h8
16.Qh5f3 c6
17.Bc1d2 Ke8
18.O-O-O Qh8f8
19.Rd1h1 Bc8b7
20.Rh1h7 Ra8b8
21.Qf3h5 Kd8
22.g4 f4
23.Bd3xg6 Ne7xg6
24.Qh5xg6 Kc7
25.Rh7xg7 Rb8e8
26.Qg6h7 Re8d8
27.Rg7f7 Qf8e8
28.Nc3e4 Kb8
29.Ne4f6 Qe8h8
30.Qh7e4 c5
31.d5 Qh8h2
32.b3 Qh2xf2
33.Nf6xd7 Rd8xd7
34.Rf7xd7 Qf2f1
35.Kb2 Bb7xd5
36.Qe4h7 Qf1a6
37.Rd7d8 Qa6c8
38.Rd8xc8 Kxc8
39.Bd2xf4 Kb8
40.g6 Bd5e4
41.Qh7g8 Kb7
42.Qg8xe6 Be4xg6
43.Qe6xg6 { resign }
1-0

[Event "Tourn. n10187"]
[Site "www.echecsemail.com"]
[Date "2019.09.02"]
[Round "1"]
[White "Fantomas"]
[Black "Tonino1"]
[WhiteElo "2160"]
[BlackElo "2130"]
[Result "1-0"]
[Round "1"]
1.e4 d6
2.Ng1f3 Ng8f6
3.Nb1c3 c6
4.d4 Qd8a5
5.Qd1d3 b6
6.a3 Bc8a6
7.Qd3e3 Ba6xf1
8.Rh1xf1 e5
9.Bc1d2 Nb8d7
10.Qe3e2 b5
11.dxe5 dxe5
12.Nc3d5 Qa5d8
13.Nd5xf6 Qd8xf6
14.O-O-O g6
15.Bd2g5 Qf6e6
16.Kb1 Bf8g7
17.Rd1d2 f6
18.Bg5e3 O-O
19.Rf1d1 Nd7b8
20.Be3c5 Rf8e8
21.Rd2d6 Qe6f7
22.Rd6d8 Nb8a6
23.Rd8xe8 Ra8xe8
24.Bc5e3 Bg7f8
25.Rd1d2 Na6c5
26.Be3xc5 Bf8xc5
27.Nf3e1 Qf7c7
28.Ne1d3 Bc5b6
29.f3 Re8d8
30.Nd3c1 Rd8xd2
31.Qe2xd2 Qc7d8
32.Qd2xd8 Bb6xd8
33.Ka2 a5
34.Kb3 c5
35.c4 a4
36.Kc3 Bd8a5
37.b4 axb3
38.Kxb3 b4
39.axb4 cxb4
40.Nc1d3 Kf7
41.Nd3xb4 Ke6
42.Ka4 Ba5b6
43.Kb5 Bb6d8
44.Kc6 f5
45.Nb4d5 fxe4
46.fxe4 h5
47.c5 g5
48.Kb7 Kd7
49.c6 Kd6
50.c7 Bd8xc7
51.Nd5xc7 g4
52.Kb6 h4
53.g3 h3
54.Nc7d5 Ke6
55.Kc6  { time }
1-0

[Event "1/128 Finale"]
[Site "www.chess-mail.com"]
[Date "2019.09.02"]
[Round "1"]
[White "Bojan"]
[Black "Nimzo"]
[WhiteElo "2040"]
[BlackElo "2660"]
[Result "0-1"]
[Round "1"]
1.e4 e6
2.e5 d6
3.exd6 Bf8xd6
4.a3 Ng8f6
5.d4 O-O
6.Nb1c3 Nb8c6
7.Ng1f3 e5
8.d5 Nc6d4
9.Nf3xd4 exd4
10.Qd1xd4 Bd6e5
11.Qd4xe5 Rf8e8
12.Qe5xe8 Qd8xe8
13.Bc1e3 Bc8f5
14.O-O-O Nf6e4
15.Rd1d3 Qe8e5
16.Be3d4 Qe5d6
17.Rd3f3 Bf5g6
18.Bf1d3 Ne4xc3
19.Bd4xc3 Qd6xd5
20.Rh1d1 Qd5g5
21.Rf3e3 Qg5xg2
22.Rd1e1 f6
23.Bd3c4 Kh8
24.Re1e2 Qg2h1
25.Re2e1 Qh1xh2
26.Bc3d4 Qh2f4
27.c3 c5
28.Bd4xc5 Qf4xc4
29.Bc5d4 Qc4a2
30.c4 Qa2b1
31.Kd2 Qb1c2

0-1

[Event "Tourn. n10183"]
[Site "www.echecsemail.com"]
[Date "2019.09.03"]
[Round "1"]
[White "Galiany17"]
[Black "Jose"]
[WhiteElo "2350"]
[BlackElo "2810"]
[Result "0-1"]
[Round "1"]
1.d4 Ng8f6
2.c4 g6
3.Nb1c3 Bf8g7
4.e4 d6
5.Ng1f3 O-O
6.h3 e5
7.d5 Nf6h5
8.g3 f5
9.exf5 gxf5
10.Nf3h4 Nh5f6
11.Bc1g5 Qd8e8
12.Bf1d3 e4
13.Bd3e2 Nb8a6
14.O-O f4
15.Bg5xf4 Bc8xh3
16.Rf1e1 Qe8d7
17.Ra1b1 Ra8e8
18.Qd1d2 Na6c5
19.b4 e3
20.Bf4xe3 Nc5e4
21.Nc3xe4 Nf6xe4
22.Qd2d3 Bg7f6
23.Be2h5 Re8e5
24.Bh5f3 Ne4xg3
25.Nh4g6 Bh3f5
26.Ng6xf8 Qd7g7
27.Qd3a3 Ng3e4
28.Kf1 Ne4d2
29.Ke2 Nd2xf3
30.Nf8e6 Qg7g4
{ resign }
0-1

[Event "Tourn. n10099"]
[Site "www.echecsemail.com"]
[Date "2019.09.03"]
[Round "1"]
[White "Numanoid"]
[Black "Lenyb"]
[WhiteElo "2780"]
[BlackElo "2439"]
[Result "1-0"]
[Round "1"]
1.d4 d5
2.c4 e6
3.Nb1c3 Ng8f6
4.cxd5 exd5
5.Bc1g5 c6
6.e3 h6
7.Bg5h4 Bc8f5
8.Qd1f3 Bf5g6
9.Bh4xf6 Qd8xf6
10.Qf3xf6 gxf6
11.Ng1f3 Nb8d7
12.Nf3h4 Nd7b6
13.Kd2 Kd7
14.Bf1d3 Rh8g8
15.g3 Ra8d8
16.Kc2 Bg6xd3
17.Kxd3 Nb6c4
18.Kc2 a5
19.Rh1e1 Nc4d6
20.e4 Nd6xe4
21.Nc3xe4 dxe4
22.Re1xe4 Rd8e8
23.Re4xe8 Kxe8
24.Ra1e1 Kd7
25.Nh4f5 Rg8g5
26.Nf5e3 Rg5b5
27.g4 h5
28.f3 Rb5g5
29.h3 h4
30.Ne3f5 Rg5g8
31.Kd3 Bf8d6
32.f4 Rg8d8
33.Re1e2 Rd8h8
34.Re2e4 a4
35.a3 b5
36.Re4e3  { time }
1-0

[Event "Tourn. n10195"]
[Site "www.echecsemail.com"]
[Date "2019.09.03"]
[Round "1"]
[White "Johnmcbride"]
[Black "Mitja"]
[WhiteElo "1920"]
[BlackElo "1860"]
[Result "1-0"]
[Round "1"]
1.e4 d5
2.exd5 Qd8xd5
3.Nb1c3 Qd5d8
4.d4 e6
5.a3 c6
6.Ng1f3 h6
7.Bc1e3 Ng8f6
8.Bf1d3 b6
9.O-O Bc8b7
10.b4 Bf8d6
11.Nc3e4 Nf6xe4
12.Bd3xe4 Qd8f6
13.c3 Bd6f4
14.Be3xf4 Qf6xf4
15.Qd1c2 Bb7a6
16.Rf1e1 Ba6b7
17.Re1e3 Nb8d7
18.g3 Qf4f6
19.Nf3e5 Nd7xe5
20.dxe5 Qf6e7
21.f4 f5
22.exf6 Qe7xf6
23.Be4g6 Kd7
24.Ra1d1 Kc7
25.Re3e5 Ra8d8
26.Rd1e1 Rd8d6
27.Re1e3 Rh8d8
28.Bg6d3 b5
29.Qc2e2 Rd8e8
30.Bd3c2 Bb7c8
31.Bc2b3 a6
32.f5 Re8d8
33.fxe6 Qf6e7
34.Re5f5 Kb8
35.Rf5f7 Qe7e8
36.e7 Rd6d2
37.exd8Q Qe8xd8
38.Qe2e1 Bc8h3
39.Re3e8 { resign }
1-0